Study on employee satisfaction of salman build with trust, Kasaragod / (Record no. 230911)
[ view plain ]
| 000 -LEADER | |
|---|---|
| fixed length control field | 00701nam a22001937a 4500 |
| 003 - CONTROL NUMBER IDENTIFIER | |
| control field | OSt |
| 005 - DATE AND TIME OF LATEST TRANSACTION | |
| control field | 20240527101659.0 |
| 008 - FIXED-LENGTH DATA ELEMENTS--GENERAL INFORMATION | |
| fixed length control field | 240523b ||||| |||| 00| 0 eng d |
| 040 ## - CATALOGING SOURCE | |
| Transcribing agency | AIMIT LIBRARY |
| 100 ## - MAIN ENTRY--PERSONAL NAME | |
| Personal name | ANM, Mehdiya. |
| Relator term | 2016079 |
| 9 (RLIN) | 167196 |
| 245 ## - TITLE STATEMENT | |
| Title | Study on employee satisfaction of salman build with trust, Kasaragod / |
| Statement of responsibility, etc. | By Mehdiya ANM ; Guided by K Dhananjay. |
| 650 ## - SUBJECT ADDED ENTRY--TOPICAL TERM | |
| Topical term or geographic name entry element | Literature review |
| 9 (RLIN) | 167837 |
| 650 ## - SUBJECT ADDED ENTRY--TOPICAL TERM | |
| Topical term or geographic name entry element | Problem identification |
| 9 (RLIN) | 167838 |
| 650 ## - SUBJECT ADDED ENTRY--TOPICAL TERM | |
| Topical term or geographic name entry element | Research methodology |
| 9 (RLIN) | 167839 |
| 650 ## - SUBJECT ADDED ENTRY--TOPICAL TERM | |
| Topical term or geographic name entry element | Data analysis and interpretation |
| 9 (RLIN) | 167840 |
| 700 ## - ADDED ENTRY--PERSONAL NAME | |
| Personal name | Dhananjay, K. |
| Relator term | Guide |
| 9 (RLIN) | 167197 |
| 856 ## - ELECTRONIC LOCATION AND ACCESS | |
| Link text | www.salmangroup.in |
| Materials specified | Salman build with trust |
| Uniform Resource Identifier | <a href="www.salmangroup.in">www.salmangroup.in</a> |
| 942 ## - ADDED ENTRY ELEMENTS (KOHA) | |
| Source of classification or shelving scheme | Dewey Decimal Classification |
| Koha item type | Project Report |
| Withdrawn status | Lost status | Source of classification or shelving scheme | Damaged status | Not for loan | Collection code | Home library | Current library | Shelving location | Date acquired | Total Checkouts | Barcode | Date last seen | Copy number | Uniform Resource Identifier | Price effective from | Koha item type |
|---|---|---|---|---|---|---|---|---|---|---|---|---|---|---|---|---|
| Dewey Decimal Classification | Not for loan | Project Report MBA | St Aloysius Institute of Management & Information Technology | St Aloysius Institute of Management & Information Technology | Dissertations | 05/23/2024 | PRB01931 | 05/23/2024 | 2016079 | www.salmangroup.in | 05/23/2024 | Project Report |